En torno a la teoría de la inflación de Bresciani-Turroni (Registro nro. 28933)

Detalles MARC
000 -LEADER
fixed length control field 00388 a2200109 4500
001 - CONTROL NUMBER
control field ART_25613
005 - DATE AND TIME OF LATEST TRANSACTION
control field 20260410161935.0
008 - FIXED-LENGTH DATA ELEMENTS--GENERAL INFORMATION
fixed length control field 260409a
100 1# - MAIN ENTRY--PERSONAL NAME
Personal name Arnaudo, Aldo Antonio
245 10 - TITLE STATEMENT
Title En torno a la teoría de la inflación de Bresciani-Turroni
773 0# - HOST ITEM ENTRY
Title Anales de la Academia Nacional de Ciencias Económicas
Related parts - Vol. XXXII, (1987) (ene. 1988)
Record control number REV25596

No hay ítems disponibles.